Landkreise/ kreisfreie Städte mit Gewässer im Namen - Statistiken

Allgemein
  • Dieses Quiz wurde 707 mal gespielt
    676 seit der letzten Aktualisierung
  • Das Durchschnittsergebnis liegt bei 35 aus 64
Antwortstatistiken
Answers % Korrekt
Saalekreis
73%
Saarbrücken
71%
Rhein-Neckarkreis
69%
Regen
68%
Bodenseekreis
67%
Havelland
67%
Main-Kinzigkreis
66%
Saarlouis
66%
Main-Tauberkreis
65%
Main-Taunuskreis
65%
Donau-Ries
64%
Elbe-Elster
64%
Emsland
64%
Oder-Spree
64%
Rhein-Erft-Kreis
64%
Rhein-Sieg-Kreis
64%
Frankfurt (Main)
62%
Frankfurt (oder)
62%
Regensburg
62%
Lahn-Dillkreis
61%
Main-Spessart
61%
Saale-Orla-Kreis
61%
Spree-Neiße
61%
Oberhavel
60%
Wesermarsch
60%
Fulda
59%
Neckar-Odenwaldkreis
59%
Rhein-Lahnkreis
59%
Alb-Donaukreis
58%
Ennepe-Ruhr-Kreis
58%
Rheingau-Taunuskreis
58%
Rhein-Hunsrückkreis
58%
Rhein-Pfalzkreis
57%
Lippe
56%
Saale-Holzland-Kreis
56%
Mecklenburgische Seenplatte
55%
Saarpfalzkreis
55%
Rheinisch-Bergischer-Kreis
54%
Rhein-Kreis-Neuss
53%
Saalfeld-Rudolstadt
53%
Werra-Meißnerkreis
53%
Ahrweiler
51%
Dahme-Spreewald
50%
Enzkreis
49%
Ilmkreis
49%
Rottal-Inn
49%
Wuppertal
49%
Oberspreewald-Lausitz
45%
Schwalm-Ederkreis
45%
Rems-Murrkreis
44%
Unstrut-Hainichkreis
44%
Halle (Saale)
43%
Neustadt (Aisch)
43%
Neustadt (Waldnaab)
43%
Märkisch-Oderland
42%
Landsberg/Lech
39%
Mainz
39%
Dillingen an der Donau
38%
Siegen
38%
Mülheim (Ruhr)
37%
Trier-Saarburg
34%
Gera
32%
Uckermark
31%
Eifelkreis Bitburg-Prüm
26%
Keine übereinstimmenden Quizze gefunden
Verteilung der Resultate
Anzahl Personen mit jedem Resultat
Perzentil nach korrekt beantworteten Fragen
Ihre Resultats-Entwicklung
Sie haben dieses Quiz seit der letzten Aktualisierung nicht gespielt